Statistics for Countries Bordering China (with a map)

Click here to take the quiz!

General Stats

  • This quiz has been taken 1,082 times
  • The average score is 13 of 14

Answer Stats

Country % Correct
India
99%
Mongolia
99%
Russia
99%
Nepal
98%
North Korea
98%
Pakistan
98%
Vietnam
98%
Kazakhstan
97%
Laos
97%
Afghanistan
95%
Myanmar
95%
Bhutan
94%
Tajikistan
92%
Kyrgyzstan
90%

Score Distribution

Percentile by Number Answered

Percent of People with Each Score

Your Score History

You have not taken this quiz